000 00616nam a2200217 a 4500
001 BRL_636
005 20190320210829.0
008 130913s1940----sz-a######---#000-0#ger-#
041 _ager
044 _asz
050 4 _aRC49
_b.B67 1940
100 1 _aBoss, Medard
_924485
245 1 0 _aKörperliches Kranksein als Folge seelischer Gleichgewichtsstörungen
_bsechs Vorlesungen
_cM. Boss.
260 _aBern
_bHans Huber
_c1940
300 _a116 p.
_bil.
_c20 cm.
500 _aAu667
500 _aEstado físico: Camisa deteriorada.
650 1 4 _aMedicina psicosomática
_924486
902 _aGRL
942 _2lcc
_cB
999 _c9448
_d9448